<?xml version="1.0" encoding="UTF-8"?>
<collection xmlns="http://www.loc.gov/MARC21/slim">
 <record>
  <leader>00720nam a2200181 a 4500</leader>
  <controlfield tag="001">TVCDKTCT5521</controlfield>
  <controlfield tag="003">Thư viện trường Cao đẳng Kỹ thuật Cao Thắng</controlfield>
  <controlfield tag="005">20060602000000</controlfield>
  <controlfield tag="008">060602</controlfield>
  <datafield tag="980" ind1="\" ind2="\">
   <subfield code="a">Thư viện Trường CĐ Kỹ Thuật Cao Thắng</subfield>
  </datafield>
  <datafield tag="024" ind1=" " ind2=" ">
   <subfield code="a">RG_1 #1 eb0 i1</subfield>
  </datafield>
  <datafield tag="041" ind1="0" ind2="#">
   <subfield code="a">vie</subfield>
  </datafield>
  <datafield tag="082" ind1="#" ind2="#">
   <subfield code="a">060 / </subfield>
   <subfield code="b">K600Y-h</subfield>
  </datafield>
  <datafield tag="100" ind1="1" ind2="#">
   <subfield code="a">Trường Đại học Bách Khoa</subfield>
  </datafield>
  <datafield tag="245" ind1="0" ind2="0">
   <subfield code="a">Kỷ yếu hội nghị Khoa Học &amp; Công Nghệ lần thứ 9 (Đĩa CD). /</subfield>
   <subfield code="c">Trường Đại học Bách Khoa</subfield>
  </datafield>
  <datafield tag="250" ind1="#" ind2="#">
   <subfield code="a">In lần thứ 1</subfield>
  </datafield>
  <datafield tag="260" ind1="#" ind2="#">
   <subfield code="a">TPHCM :</subfield>
   <subfield code="b">Trường Đại Học Bách Khoa ,</subfield>
   <subfield code="c">2005</subfield>
  </datafield>
  <datafield tag="650" ind1="#" ind2="4">
   <subfield code="a">Kỷ yếu hội nghị--Khoa học công nghệ</subfield>
  </datafield>
 </record>
</collection>
